000 00384nam a22001457a 4500
999 _c197537
_d197537
008 230824b ||||| |||| 00| 0 eng d
082 _aS-ANE
100 _aAneja, Mukta
245 _aAbilities Redefined : Forty Life Stories
_hEnglish
260 _aDelhi
_bA.I.C.B.
_cRohini
270 _aA.I.C.B. Rohini, Delhi
300 _a12X13
490 _v1-2
942 _2ddc
_cBRLEN
_kS
_mANE